| 000 | 00548nam a2200181 i 4500 | ||
|---|---|---|---|
| 001 | 79161 | ||
| 003 | ES-MaACL | ||
| 005 | 20250809032358.0 | ||
| 007 | t| | ||
| 008 | 041020m19711973sp ||||1| spa d | ||
| 100 | 1 |
_aHernández Gil, Antonio, _d1915-1994 _962943 |
|
| 245 | 1 | 0 |
_aMetodología de la Ciencia del Derecho / _cAntonio Hernández Gil. |
| 260 |
_aMadrid : _b[s.n., _c1971-1973] |
||
| 300 |
_a3 v. ; _c22 cm. |
||
| 650 | 7 |
_aDerecho- _xMetodología _2 _9168474 |
|
| 852 |
_aES-MaACL _jA-5646-48 _bR.94597 |
||
| 999 |
_c79161 _d79161 |
||